[Event "17th Reykjavik op"]
[Site "Reykjavik ISL"]
[Date "1996.03.04"]
[Round "3.5"]
[White "Gulko, Boris"]
[Black "Olafsson, Helgi"]
[Result "1-0"]
[WhiteElo "2615"]
[BlackElo "2485"]
[EventDate "1996.03.02"]
[PlyCount "157"]

{Though the tournament was a disappointment for Boris Gulko, this effort 
was one of the finest of the event.} 
1.Nf3 {Hecht Ribli} 1...Nf6 2.c4 e6 3.g3 d5 4.b3 Be7 5.Bg2 O-O 6.O-O b6 7.
Bb2 Bb7 8.e3 a5 {Quite a normal reaction in positions of this type, but 
here it seems to lead to subtle trouble. When black later has to solve the
problem of his c-pawn, there will be additional weaknesses on the 
queenside. Ribli: Dieser "aktive" Zug gefaellt mir nicht, weil er nur den 
schwarzen Damenfluegel geschwaecht.} ( 8...c5 {or} ) ( 8...Nbd7 {are less 
commital.} ) ( 8...c5 $5 {Ribli} ) 9.Nc3 {Natuerlich verhindert der 
Anziehende den Zug a5-a4.} 9...Ne4 {Aiming to equalize by posting the 
bishop on f6.} ( 9...Nbd7 {Ribli} 10.Qe2 Ne4 11.Rfd1 $14 {
Brodsky,M-Winants,L/Wijk op/1995/CBM46/INF62,08/} ) 10.Na4 $1 {A 
surprisingly strong move. Thanks to the advance of the a-pawn, this proves
to be a powerful and secure outpost for the knight, despite the 
decentralization. White also opens the c-file and avoids the pin on the 
long diagonal, a truly multi-purpose move.} 10...Bf6 11.Bxf6 Nxf6 {Not 
only was the knight less than secure on e4, black needs his queen near 
home to protect the c7 or b6 pawns.} ( 11...Qxf6 $6 {Ribli} 12.d3 Nd6 ( 
12...Nc3 13.Nxc3 Qxc3 14.Rc1 $16 {c7} ) 13.c5 $14 ) 12.Rc1 Nbd7 13.d4 {i 
c5} 13...c6 ( 13...Rc8 14.c5 $5 b5 15.c6 bxa4 16.cxb7 Rb8 17.bxa4 Rxb7 18.
Rc6 $5 {was a possibility that black may have wanted to avoid.} ) 14.Re1 
Qe7 {Ribli: Nach dieser schablonenhaften Antwort erhaelt Weiss eine starke
Initiative .} ( 14...Ne4 15.Nd2 {maintains a comfortable pull for white.} 
) ( 14...Rb8 $5 {was a serious alternative, when black can relieve some of
the pressure on his queenside with a timely ...Ba8. This looks to be the 
solid approach to the position.} ) ( 14...Rc8 $5 {Ribli} ) 15.cxd5 {Now 
that black has left b6 less guarded, white opens the c-file and the h3-c8 
diagonal.} 15...exd5 ( 15...cxd5 {Ribli} 16.Rc7 $1 {b6,b7 Schwarz kann 
Bauernverlust nicht vermeiden. Jetzt sehen wir schon sehr genau, warum 
14.i e1! ein sehr schlauer Zug gewesen ist.} ) 16.Bh3 c5 {Helgi's pawns 
now become critically weak, but he banks on counterplay arising on the 
long diagonal. There is no time for. Ribli: In einer etwas unbequemen 
Stellung verliert Schwarz die Geduld und strebt eine gewaltsame Loesung 
an, bei der er einen Bauern einbuesst.} ( 16...Rab8 {since} 17.Ne5 {
remains painfully effective.} ) ( 16...Rad8 {Ribli} ) 17.Ne5 $1 {The 
beginning of a long and delicately calculated sequence.  Diese kleine 
Kombination ist nur wegen schwarzes 8... a5 Zuges moeglich.} 17...Nxe5 18.
dxe5 Qxe5 ( 18...Ne4 $5 19.Nxb6 Rad8 {appears to give white several paths 
to an advantage;} 20.f3 ( 20.Na4 d4 {looks less clear.} ) 20...Ng5 21.Bg2 
d4 ( 21...Qxe5 22.Rxc5 {or} ( 22.f4 $5 Qd6 23.Na4 ) ) 22.e4 {in all cases 
with rather flimsy compensation for black.} ) 19.Nxb6 Rad8 20.Rxc5 Ne4 21.
Rc2 ( 21.Rxa5 $2 Qf6 {shows the error of greed.} ( 21...Qf6 {Ribli} 22.Nd7
Qxf2+ 23.Kh1 d4 $19 ) ) 21...d4 22.exd4 ( 22.Nd7 {Ribli} 22...Qd5 23.Nxf8 
( 23.Qxd4 Ng5 $1 24.Qxd5 Nxh3+ 25.Kg2 Bxd5+ 26.e4 Rfe8 27.exd5 Rxe1 28.
Kxh3 h6 29.Nb6 $44 ) 23...Nxf2 $1 $40 ) 22...Rxd4 {Ribli: Wei@: waehlt 
einen ruhigen Weg.} 23.Qe2 Qf6 ( 23...Ng5 24.Qxe5 Nf3+ 25.Kf1 ) ( 23...Re8
{is complicated but white has several ways to turn the tension on the 
e-file against black, and black would have to beware of instant disaster.}
24.Bg2 {when white is a safe pawn ahead. It is debatable that these lines 
may have provided black with better practical chances - they have the 
advantage of being slightly messier than the game, but also more 
dangerous.} ( 24.Nd7 Qd6 ( 24...Rxd7 25.Bxd7 Ng5 26.Qxe5 Nf3+ 27.Kf1 Nxh2+
28.Ke2 Rxe5+ 29.Kd1 Rd5+ 30.Kc1 {and the weak last rank refutes black's 
attack.} ) 25.Nc5 Bc6 {and black can resist after securing better control 
of e8.} ) ( 24.f3 {looks reckless since there is no immediate threat to 
take on e4, but it is not easy to prevent white from making this possible.
} 24...h5 ( 24...Ng5 25.Bg2 ) 25.Nd7 $2 {intending Nc5 is a mistake after}
25...Rxd7 26.Bxd7 Qd4+ 27.Qe3 Qxd7 28.fxe4 Rxe4 29.Qf2 Rxe1+ 30.Qxe1 Qd5 {
but other 25th moves, like 25.Qf1, should keep white on top. Still, there 
is no reason to weaken the white king position. Simplest is} ) ) 24.Nd7 
Qh6 25.Bg2 {Again greed should not be considered.} ( 25.Nxf8 $2 Qxh3 {is 
absurdly dangerous and asks for a finish like} 26.Rc7 Rd2 27.Qf1 $2 ( 27.
Qf3 Rxf2 28.Qxf2 Nxf2 29.Rxb7 Ng4 30.Re2 Nxh2 31.Re8 Qxg3+ 32.Kh1 Qf3+ $10
) 27...Ng5 ) 25...Rxd7 26.Bxe4 {All the tactics fit together neatly for 
white, and he consolidates his extra pawn.} 26...Re7 27.Bxh7+ Qxh7 28.Qxe7
Qxc2 29.Qxb7 Qxa2 30.Qb5 {Preventing possibilities of liquidation and 
ensuring a potential transition into a queen ending. Black's practical 
difficulties in defence are enormous - white can make his pawns secure and
then send his king on a foray after black's pawns. Factoring in the sudden
death third time control (40/2, 20/1, G30), black's prospects are 
virtually nil. Ribli: Im Endergebnis der Kombinationen konnte Weiss seinen
Mehrbauern behalten, aber wegen des reduzierten Materials hat der 
Nachziehende gute Remis-Chancen. Natuerlich kann Wei@rlich a5-a4 mit 
Bauerntausch am Damenfluegel nicht zulassen.} 30...Qd2 31.Re7 Qd6 32.Re3 
Qc7 33.h4 {i h5,i g5,h6 i} 33...Rb8 34.Re8+ {Ribli: Eine gute 
Entscheidung, weil das Damenendspiel fuer Wei@endspiel sehr gute 
Gewinnchancen gibt. Im Turmendspiel k@mendspiel nnte der Nachziehende 
einfach a5-a4 durchsetzen, und dann ist die Stellung remis.} 34...Rxe8 35.
Qxe8+ {Hecht: D-D: 1) Abtausch eines Bauernpaares am K-Fluegel; 2) 
Fixierung der Bauern- schwaeche g6 unter Sichrung der eigenen K-Pos. 3) 
Aktivierung des K@ nigs nach Sicherung aller Bauern. Schwierige Technik 
(Fehler Zug 56)} 35...Kh7 36.Qe4+ g6 ( 36...Kg8 $5 ) 37.h5 {This slight 
simplification is a good investment in exposing the enemy king. Mit diesem
Tausch will Weiss die schwarze Koenigstellung geschwaechen.} 37...Qc3 38.
Qd5 Kg7 39.hxg6 fxg6 40.Kg2 Kh6 {Time control one reached. Now the long 
process of gaining a bit of space, staying centralized, keeping the pawns 
protected and launching the king begins. This phase is peppered with 
volleys of checks which tire and depress the defender.} 41.Qf3 Qa1 ( 41...
Qb4 $2 {Hecht} 42.Qf4+ $18 ) ( 41...Qc5 $2 42.Qe3+ $18 ) ( 41...Qc2 $5 ) 
42.Qf8+ Kh7 43.Qf7+ Kh6 44.Qf8+ Kh7 45.Qf7+ Kh6 46.Qf4+ Kg7 47.Qc4 Qd1 ( 
47...Qe5 $5 ) 48.Qc3+ Kh7 49.Qc7+ Kg8 50.Qb7 Qd3 51.g4 Qc3 52.Qd5+ Kg7 53.
g5 {RiblI: Jetzt begrenzt Weiss die Moeglichkeiten des schwarzen Koenigs.}
53...Qe1 54.Qd7+ Kg8 55.Qd8+ Kg7 56.Qd7+ ( 56.Qf6+ Kh7 57.Qf7+ Kh8 58.Qf8+
Kh7 59.Qh6+ Kg8 60.Qxg6+ $18 ) 56...Kg8 57.Qd5+ Kg7 58.Qd4+ Kh7 59.Qe3 Qb1
{Avoiding} ( 59...Qb4 60.Qh3+ Kg7 61.Qh6+ Kf7 62.Qh7+ Kf8 63.Qxg6 Qxb3 64.
Qf5+ ) 60.Qe7+ Kg8 61.Qd8+ Kg7 62.Qd7+ Kg8 63.Qd5+ Kg7 64.f4 {Ribli: Die 
wei@: en Figuren stehen optimal. Jetzt beginnt die Endhpase der Partie, 
der weisse K@sse nig marschiert auf den Damenfluegel.} 64...Qc2+ 65.Kf3 
Qc3+ 66.Ke4 Qe1+ 67.Kd4 Qb4+ 68.Kd3 Qa3 ( 68...Qxf4 69.Qd4+ Qxd4+ 70.Kxd4 
Kf7 71.Kc5 Ke6 72.Kb5 Kf5 73.Kxa5 {wins.} ( 73.Kxa5 Kxg5 74.b4 Kf6 75.b5 
g5 76.b6 g4 77.b7 g3 78.b8=Q $18 ) ) ( 68...Kh7 69.Qf7+ Kh8 70.Qc4 {
securing the king's entry looks simplest.} ) ( 68...a4 $4 69.Qd7+ Kg8 70.
Qxa4 $18 ) 69.Ke4 Kh7 70.Qb7+ Kh8 71.Kd5 Qf8 72.Kc6 $1 Qe8+ ( 72...Qxf4 
73.Qc8+ Kg7 74.Qc7+ ( 74.Qc7+ Qxc7+ 75.Kxc7 Kf7 76.Kb6 Ke6 77.Kxa5 Kf5 78.
b4 Kxg5 79.b5 $18 ) ) 73.Qd7 Qe4+ 74.Qd5 Qb4 ( 74...Qxf4 75.Qd8+ Kg7 76.
Qc7+ Qxc7+ 77.Kxc7 Kf7 78.Kb6 Ke6 79.Kxa5 Kf5 80.b4 Kxg5 81.b5 Kf6 82.b6 
g5 83.b7 g4 84.b8=Q $18 ) 75.Qd8+ Kg7 76.Qc7+ Kg8 77.Qc8+ Kf7 78.Qb7+ Ke6 
{Ribli: Schwarz lae@rz t einen lustigen Schlu@n zu. Ein Ende mit 
Schrecken.} ( 78...Qxb7+ 79.Kxb7 Ke6 80.Ka6 ( 80.Kb6 $18 ) 80...Kf5 81.
Kxa5 Kxf4 82.b4 Kxg5 83.b5 Kf6 84.b6 g5 85.b7 g4 86.b8=Q $18 ) 79.Qd7# {
Very smooth technique in every phase of the game from Gulko.} 1-0

[Event "17th Reykjavik op"]
[Site "Reykjavik ISL"]
[Date "1996.03.04"]
[Round "3.6"]
[White "Van der Werf, Mark"]
[Black "Hansen, Curt"]
[Result "1/2-1/2"]
[WhiteElo "2400"]
[BlackElo "2615"]
[EventDate "1996.03.02"]
[PlyCount "54"]

1.d4 d5 2.c4 e6 3.Nc3 c6 4.Nf3 dxc4 5.a4 Bb4 6.e3 b5 7.Bd2 a5 8.axb5 Bxc3 
9.Bxc3 cxb5 10.b3 Bb7 11.bxc4 b4 12.Bb2 Nf6 13.Bd3 Nbd7 14.O-O O-O 15.Nd2 
Qc7 16.f4 a4 17.Rb1 Rfd8 18.Qe2 Rab8 19.e4 Ne8 20.Rf3 Ba8 21.Rg3 a3 22.Ba1
Qxf4 23.e5 g6 24.d5 Nf8 25.d6 Rd7 26.Rf1 Qh4 27.Nb3 Bc6 1/2-1/2

[Event "17th Reykjavik op"]
[Site "Reykjavik ISL"]
[Date "1996.03.04"]
[Round "3.7"]
[White "Rozentalis, Eduardas"]
[Black "Gretarsson, Helgi Ass"]
[Result "1/2-1/2"]
[WhiteElo "2605"]
[BlackElo "2450"]
[EventDate "1996.03.02"]
[PlyCount "154"]

1.e4 e5 2.Nf3 Nc6 3.Bb5 a6 4.Bxc6 dxc6 5.Nc3 f6 6.d4 exd4 7.Nxd4 c5 8.Nde2
Qxd1+ 9.Nxd1 Be6 10.Bf4 O-O-O 11.Ne3 Ne7 12.Rd1 Rxd1+ 13.Kxd1 g6 14.Kc1 
Bg7 15.Bg3 Re8 16.Rd1 f5 17.Nf4 Bd7 18.exf5 Nxf5 19.Nxf5 Bxf5 20.Nd3 c4 
21.Re1 Bh6+ 22.f4 Re4 23.Rxe4 Bxe4 24.Ne1 Kd7 25.Kd2 Ke6 26.Ke3 Kd5 27.c3 
Bf8 28.Bf2 b5 29.a3 a5 30.Nf3 b4 31.axb4 axb4 32.cxb4 Bxf3 33.Kxf3 Bg7 34.
Ke2 Bxb2 35.Kd2 c6 36.Kc2 Bf6 37.Be1 Bd4 38.Bc3 Bg1 39.h3 Bh2 40.Bd2 Bg3 
41.Kc3 h5 42.Be3 h4 43.Kd2 Ke4 44.Bc5 Kxf4 45.Bd4 Ke4 46.Kc3 Kd5 47.Bc5 
Be5+ 48.Kc2 Bf6 49.Kd2 Ke4 50.Bf2 g5 51.Bc5 Bd4 52.Be7 Kf4 53.Kc2 Be5 54.
Bd8 Bg7 55.Kd2 Be5 56.Kc2 Bd4 57.Kd2 Bb2 58.Be7 Be5 59.Kc2 Kf5 60.Kd2 Bh8 
61.Bd6 Bf6 62.Bc5 Kf4 63.Bf2 Ke4 64.Bc5 Bd4 65.Be7 Be5 66.Bc5 Bf6 67.Kc2 
Bd4 68.Be7 Kf4 69.Bd8 Be5 70.Be7 Bd4 71.Bd8 g4 72.Bxh4 g3 73.Kd2 Be5 74.
Kc2 Ke3 75.Bxg3 Bxg3 76.Kc3 Kf2 77.Kxc4 Kxg2 1/2-1/2

[Event "17th Reykjavik op"]
[Site "Reykjavik ISL"]
[Date "1996.03.04"]
[Round "3.9"]
[White "Yoos, John"]
[Black "Hjartarson, Johann"]
[Result "0-1"]
[WhiteElo "2345"]
[BlackElo "2570"]
[EventDate "1996.03.02"]
[PlyCount "64"]

1.e4 e5 2.f4 exf4 3.Nf3 d6 4.Bc4 h6 5.d4 g5 6.h4 Bg7 7.O-O Nc6 8.c3 Nf6 ( 
8...Bg4 $5 9.Qd3 $5 {Yoos} ) ( 8...Qe7 9.Qb3 Nd8 $13 {
Raubitschek-Capablanca, New York 1906} ) 9.hxg5 Nh5 $146 ( 9...Nxe4 $5 10.
Bd5 $5 {Yoos} ( 10.Re1 d5 11.Bd3 hxg5 12.Bxe4 dxe4 13.Rxe4+ Kf8 {ECO} ) 
10...Nxg5 11.Bxf4 $44 ) 10.g6 $5 ( 10.gxh6 Rxh6 11.Qb3 Qd7 12.Ng5 $2 Nxd4 
$1 13.cxd4 Bxd4+ 14.Rf2 Ng3 $19 ) 10...fxg6 11.Nh2 $6 ( 11.Nbd2 $44 ) 
11...Rf8 12.b4 ( 12.Be2 $2 Ng3 13.Rxf4 Nxd4 $1 14.Rxf8+ Kxf8 15.cxd4 Bxd4+
$19 ) 12...a6 13.a4 Bd7 14.Ba3 Ng3 15.Re1 Qh4 $17 16.e5 dxe5 17.b5 Ne7 $4 
( 17...f3 $1 18.Nxf3 Qh1+ 19.Kf2 Ne4+ 20.Ke3 $8 Qxg2 21.Bxf8 ( 21.Kxe4 Qf2
$1 $19 ) 21...Qf2+ 22.Kd3 Ng3 $1 $17 ) 18.Nd2 $16 Qh5 19.Qb3 Rf5 20.Ndf3 
$2 ( 20.bxa6 bxa6 21.Qb7 $16 ) 20...e4 21.Be6 ( 21.bxa6 $142 bxa6 22.Qb7 )
21...axb5 $1 22.Bxe7 ( 22.Bxf5 Qxf5 23.axb5 Qxb5 24.Qxb5 Bxb5 25.Bxe7 Rxa1
26.Rxa1 Kxe7 $17 ) 22...Kxe7 23.Bxf5 Qxf5 $17 24.Nd2 e3 25.Ndf1 Ne4 26.Nf3
g5 27.Nxe3 fxe3 28.Rxe3 Be6 29.Qb4+ Kd8 30.Rae1 Rxa4 31.Qb2 $2 ( 31.Qb1 
Bd5 32.Rxe4 Bxe4 33.Rxe4 Ra1 34.Qxa1 Qxe4 35.Qa8+ Ke7 36.Qg8 Bf6 $19 ) 
31...Ra2 32.Qb1 Rxg2+ 0-1

[Event "17th Reykjavik op"]
[Site "Reykjavik ISL"]
[Date "1996.03.04"]
[Round "3.10"]
[White "Van der Sterren, Paul"]
[Black "Borge, Nikolaj"]
[Result "1/2-1/2"]
[WhiteElo "2535"]
[BlackElo "2455"]
[EventDate "1996.03.02"]
[PlyCount "56"]

1.d4 d5 2.c4 dxc4 3.Nf3 a6 4.e3 Nf6 5.Bxc4 e6 6.O-O c5 7.a4 Nc6 8.Qe2 cxd4
9.Rd1 d3 10.Rxd3 Qc7 11.e4 Ng4 12.h3 h5 13.Nbd2 Bc5 14.hxg4 hxg4 15.e5 
gxf3 16.Nxf3 Nb4 17.Rc3 Bd7 18.Be3 Bxe3 19.Qxe3 Bc6 20.Nd4 Qe7 21.Nxc6 Qh4
22.Qh3 Nxc6 23.Qxh4 Rxh4 24.Re1 Ke7 25.g3 Rh5 26.Bf1 Nxe5 27.Bg2 Nc6 28.
Bxc6 bxc6 1/2-1/2

[Event "17th Reykjavik op"]
[Site "Reykjavik ISL"]
[Date "1996.03.04"]
[Round "3.11"]
[White "Olsen, Heini"]
[Black "Bronstein, David"]
[Result "1/2-1/2"]
[WhiteElo "2325"]
[BlackElo "2455"]
[EventDate "1996.03.02"]
[PlyCount "62"]

1.d4 Nf6 2.c4 d6 3.Nf3 g6 4.Nc3 Bg7 5.e4 O-O 6.Be2 e5 7.d5 a5 8.Bg5 h6 9.
Bh4 Na6 10.Nd2 Qe8 11.O-O Bd7 {Diser Zug stellt einen interssanten Versuch
der Zugumstellung gegenueber 11 ..i h7 dar:} ( 11...Nh7 12.a3 Bd7 13.Kh1 
$1 {(Illescas Cordoba, M) Die Idee von 13.ih1! besteht darin, die Variante
13.b3 f5 14.exf5 gxf5! (Yusupov,A-Kasparov,G/Barcelona WCup ;CBM 12) zu 
vermeiden.} 13...h5 ( 13...a4 14.Nb5 Bxb5 15.cxb5 Nc5 16.f3 f5 17.Bf2 b6 
18.Qc2 Qd7 19.Bxc5 bxc5 20.Bd3 Ng5 21.b4 axb3 22.Qxb3 $14 {Illescas 
Cordoba,M-Frolov,A/Biel izt (01) 1993; CBM 37} ) 14.f3 Bh6 15.b3 {Diese 
Stellung (die bis zur Partie Yusupov,A-Kasparov,G ueber die Zugfolge 13. 
b3 h5 14.f3 ih6 15.ih1 erreicht wurde) ist derzeitig in der Diskussion, 
ist aber wahrscheinlich vorteilhaft fuer Wei@ilhaft .} ) 12.a3 ( 12.Kh1 {
ist wahrscheinlich der kritische Zug.} 12...h5 ( 12...Nh7 13.a3 {ergibt 
die Stellung, die Wei@ung, haben will.} ) 13.b3 Ng4 14.a3 f6 15.Rb1 g5 16.
Bg3 f5 17.exf5 Bxf5 18.Nde4 Qg6 $132 {E-E Kramnik,V-Polgar,J/Monaco Amber 
25' (11) ;EXP 40 1994} ) ( 12.b3 Nh7 13.a3 f5 {und Schwarz hat die 
Stellung, die er haben will. Diese Zugumstellungsfeinheiten sind auf die 
Dauer recht verwirrend.} ) 12...a4 13.Nb5 c6 $5 {Ein ueberraschender Zug. 
Schwarz hat eine solide Alternative in 13 ..ixb5:} ( 13...Bxb5 14.cxb5 Nc5
15.Qc2 Nfd7 16.f3 h5 17.b4 axb3 18.Nxb3 Nxb3 19.Qxb3 Bh6 20.Bf2 b6 21.a4 
Ra5 22.Qc4 Nc5 $10 {Rubinetti,J-Panno,O/Palma de Mallorca izt (01) ;IZT 
1970. Man beachte den Unterschied zu Illescas Cordoba,M-Frolov,A (siehe 
oben): Der schwarze K@warze nigsspringer steht noch auf f6 und ben@ tigt 
daher nur einen Zug nach d7.} ) 14.Nc3 ( 14.Nxd6 $5 {ist wahrscheinlich 
besser :} 14...Qb8 15.dxc6 bxc6 ( 15...Bxc6 16.Nb5 $14 ) 16.c5 Nxc5 ( 
16...Qxb2 17.N2c4 ) 17.N6c4 $14 ) 14...Nc5 15.Qc2 cxd5 16.cxd5 b5 17.f3 
Qb8 18.b4 Na6 $10 ( 18...axb3 19.Nxb3 {[%csl Rb5] b5} ) 19.Rac1 Nh5 20.
Rfe1 Rc8 21.Bf2 Nf4 22.Bf1 Bf6 $1 {[%cal Yf6d8,Yd8b6] Dieses Man@s ver ist
auch aus dem Alt-Inder bekannt. Schwarz hat keine Probleme, aber Wei@eme, 
auch nicht.} 23.Qb1 Bd8 24.Ne2 Bb6 25.Rxc8+ Bxc8 26.Bxb6 Qxb6+ 27.Kh1 Nh5 
28.Nc3 Bd7 29.Qd3 Nc7 30.Qe3 Qxe3 31.Rxe3 Nf6 1/2-1/2

[Event "17th Reykjavik op"]
[Site "Reykjavik ISL"]
[Date "1996.03.04"]
[Round "3.13"]
[White "Thorhallsson, Throestur"]
[Black "Edvardsson, Kristjan"]
[Result "1-0"]
[WhiteElo "2445"]
[BlackElo "2190"]
[EventDate "1996.03.02"]
[PlyCount "75"]

1.d4 d5 2.Nf3 Bf5 3.c4 e6 4.Nc3 c6 5.g3 Nf6 6.Bg2 Be7 7.Nh4 Bg4 8.h3 Bh5 
9.g4 Nfd7 10.cxd5 cxd5 11.Nf5 exf5 12.gxh5 Nb6 13.Qb3 Nc6 14.e3 Bb4 15.Bd2
Bxc3 16.Bxc3 Qd7 17.a4 O-O-O 18.Qb5 Na8 19.b4 Nc7 20.Qd3 Ne8 21.b5 Ne7 22.
Ba5 b6 23.Bb4 Nd6 24.a5 Kb7 25.O-O Rhe8 26.Rfb1 Ne4 27.Qa3 Ra8 28.Rc1 a6 
29.axb6 a5 30.Rc7+ Qxc7 31.bxc7 axb4 32.Qb2 Kxc7 33.Rxa8 Rxa8 34.Qxb4 Kd7 
35.Bxe4 fxe4 36.Qc5 Rc8 37.Qa7+ Rc7 38.b6 1-0

[Event "17th Reykjavik op"]
[Site "Reykjavik ISL"]
[Date "1996.03.04"]
[Round "3.15"]
[White "Gretarsson, Andri Ass"]
[Black "Pinkus, Lutz"]
[Result "1-0"]
[WhiteElo "2330"]
[BlackElo "2185"]
[EventDate "1996.03.02"]
[PlyCount "53"]

1.e4 d5 2.exd5 Qxd5 3.Nc3 Qa5 4.d4 Nf6 5.Nf3 c6 6.Bc4 Bg4 7.O-O e6 8.h3 
Bh5 9.Re1 Nbd7 10.g4 Bg6 11.Bf4 Bb4 12.Bb3 O-O-O 13.Qe2 Rhe8 14.a3 Bxc3 
15.bxc3 h5 16.Nh4 hxg4 17.Nxg6 Qf5 18.Ne5 Qxf4 19.Nxf7 gxh3 20.Qe3 g5 21.
Nxd8 Kxd8 22.Qxf4 gxf4 23.Bxe6 f3 24.Kh2 Rh8 25.Re3 Nf8 26.Bf5 Rg8 27.Rxf3
1-0

[Event "17th Reykjavik op"]
[Site "Reykjavik ISL"]
[Date "1996.03.04"]
[Round "3.16"]
[White "Einarsson, Bergsteinn"]
[Black "Andreasen, Per"]
[Result "1/2-1/2"]
[WhiteElo "2175"]
[BlackElo "2325"]
[EventDate "1996.03.02"]
[PlyCount "36"]

1.d4 g6 2.c4 Bg7 3.Nc3 d6 4.e4 e5 5.d5 a5 6.f3 Na6 7.Bd3 Nc5 8.Be3 b6 9.
Nge2 f5 10.Qd2 Bh6 11.O-O-O Bxe3 12.Qxe3 Nf6 13.h3 f4 14.Qd2 Nh5 15.b3 Bd7
16.Bc2 Qb8 17.a4 Qd8 18.Kb2 Qh4 1/2-1/2

[Event "17th Reykjavik op"]
[Site "Reykjavik ISL"]
[Date "1996.03.04"]
[Round "3.17"]
[White "Gislason, Gudmundur"]
[Black "Berg, Emanuel"]
[Result "0-1"]
[WhiteElo "2305"]
[BlackElo "2180"]
[EventDate "1996.03.02"]
[PlyCount "85"]

1.d4 e6 2.Nf3 Nf6 3.g3 b6 4.Bg2 Bb7 5.O-O Be7 6.c4 O-O 7.Nc3 Ne4 8.Qc2 f5 
9.Ne5 d6 10.Nd3 d5 11.Nf4 Qd7 12.Qb3 Nxc3 13.Qxc3 Bf6 14.cxd5 exd5 15.Qb3 
c6 16.Be3 Kh8 17.Rac1 Re8 18.Rc2 g6 19.Rfc1 Na6 20.Qa4 Qg7 21.Rxc6 Bxc6 
22.Rxc6 Nc7 23.Qc2 Nb5 24.Bxd5 Bxd4 25.Ne6 Qe5 26.Nxd4 Nxd4 27.Qc4 Nxe2+ 
28.Kf1 Rad8 29.Bf7 f4 30.Bxe8 fxe3 31.Re6 Qf5 32.Rxe3 Qb1+ 33.Kg2 Qg1+ 34.
Kf3 Qh1+ 35.Kg4 Rd4+ 36.Qxd4+ Nxd4 37.Bd7 Qd5 38.Re8+ Kg7 39.Re7+ Kg8 40.
Kh3 Qh5+ 41.Kg2 Qd5+ 42.Kh3 Qh5+ 43.Kg2 0-1

[Event "17th Reykjavik op"]
[Site "Reykjavik ISL"]
[Date "1996.03.04"]
[Round "3.19"]
[White "Jonasson, Benedikt"]
[Black "Sigurjonsson, Stefan Thor"]
[Result "1-0"]
[WhiteElo "2280"]
[BlackElo "2125"]
[EventDate "1996.03.02"]
[PlyCount "85"]

1.e4 e6 2.d4 d5 3.Nc3 Nf6 4.e5 Nfd7 5.f4 c5 6.Nf3 Nc6 7.Be3 cxd4 8.Nxd4 
Bc5 9.Qd2 O-O 10.O-O-O Bxd4 11.Bxd4 f6 12.exf6 Nxf6 13.g3 Bd7 14.Bg2 Be8 
15.f5 Nxd4 16.Qxd4 exf5 17.Nxd5 Bc6 18.Qc4 Nxd5 19.Bxd5+ Bxd5 20.Rxd5 Qg5+
21.Kb1 Kh8 22.a4 Qe7 23.Rf1 g6 24.Rfd1 Rf7 25.Rd6 b6 26.Qc3+ Kg8 27.Qc6 
Raf8 28.Re6 Qc7 29.Qd5 Kg7 30.c3 Qc8 31.Qe5+ Kg8 32.h4 Qc4 33.Rd4 Qc7 34.
Rdd6 Rg7 35.Qd5 Kh8 36.Qd4 Kg8 37.Re5 Qb7 38.Red5 Qe7 39.Ka2 Qf7 40.Rd7 
Qf6 41.Qc4 Kh8 42.R5d6 Rxd7 43.Rxf6 1-0

[Event "17th Reykjavik op"]
[Site "Reykjavik ISL"]
[Date "1996.03.04"]
[Round "3.20"]
[White "Halldorsson, Bragi"]
[Black "Berg, Bo"]
[Result "1-0"]
[WhiteElo "2265"]
[BlackElo "2085"]
[EventDate "1996.03.02"]
[PlyCount "67"]

1.d4 e6 2.c4 f5 3.g3 c6 4.Bg2 Nf6 5.Nf3 d6 6.b3 Be7 7.O-O O-O 8.Nbd2 Qe8 
9.Bb2 a5 10.Ne1 Qg6 11.Nd3 h6 12.Qc2 Qh7 13.Rae1 Ne4 14.Nxe4 fxe4 15.Nf4 
d5 16.Bh3 Bb4 17.Rd1 Rxf4 18.gxf4 g5 19.cxd5 g4 20.Bxg4 Nd7 21.Bxe6+ Kf8 
22.Kh1 Bd6 23.f3 Nf6 24.fxe4 Nxd5 25.Bxd5 cxd5 26.f5 dxe4 27.Qxe4 Bd7 28.
Qf3 a4 29.e4 axb3 30.axb3 Ra2 31.Rf2 Qg7 32.Rg1 Qf7 33.Rfg2 Ba3 34.Bc1 1-0

[Event "17th Reykjavik op"]
[Site "Reykjavik ISL"]
[Date "1996.03.04"]
[Round "3.21"]
[White "Thorarinsson, Pall"]
[Black "Karason, Askell Oern"]
[Result "1/2-1/2"]
[WhiteElo "2065"]
[BlackElo "2230"]
[EventDate "1996.03.02"]
[PlyCount "81"]

1.d4 Nf6 2.Nf3 e6 3.Bg5 c5 4.e3 h6 5.Bh4 cxd4 6.exd4 Be7 7.Bd3 b6 8.O-O 
O-O 9.Nbd2 Bb7 10.a4 Nc6 11.c3 Nd5 12.Bxe7 Ncxe7 13.Ne5 d6 14.Nef3 Qc7 15.
Re1 Nc6 16.Bb1 Nf6 17.Ne4 Nxe4 18.Bxe4 Ne7 19.Bxb7 Qxb7 20.Nd2 a6 21.Ne4 
d5 22.Nd2 b5 23.Nb3 bxa4 24.Rxa4 Rfb8 25.Ra3 a5 26.Re2 Qb5 27.Nc5 Nf5 28.
b3 Rc8 29.Qf1 Nd6 30.Rea2 Qxf1+ 31.Kxf1 Nb5 32.Rxa5 Rxa5 33.Rxa5 Nxc3 34.
f3 Rb8 35.Ke1 g6 36.Kd2 Nb5 37.Kd3 h5 38.Nd7 Rb7 39.Nc5 Rb8 40.Nd7 Rb7 41.
Nc5 1/2-1/2

[Event "17th Reykjavik op"]
[Site "Reykjavik ISL"]
[Date "1996.03.04"]
[Round "3.23"]
[White "Bjornsson, Bjorn Freyr"]
[Black "Schubert, Hans-Joachim"]
[Result "1-0"]
[WhiteElo "2230"]
[BlackElo "2120"]
[EventDate "1996.03.02"]
[PlyCount "73"]

1.e4 e5 2.Nf3 Nc6 3.d4 exd4 4.Bc4 Bc5 5.O-O d6 6.c3 d3 7.b4 Bb6 8.b5 Ne5 
9.Nxe5 dxe5 10.Qh5 Qf6 11.a4 g6 12.Qd1 Be6 13.Bxd3 Qe7 14.Qe2 Nf6 15.Na3 
Nh5 16.g3 O-O 17.Nc4 Bc5 18.Ne3 Ng7 19.Bc4 c6 20.Rb1 Rab8 21.Bd2 Kh8 22.
Rb2 f5 23.Bxe6 Qxe6 24.exf5 gxf5 25.Qc4 Qd6 26.bxc6 bxc6 27.Rxb8 Rxb8 28.
Qe2 Qf6 29.Nc4 Re8 30.Rb1 f4 31.Rb7 Qf5 32.g4 Qg5 33.Kg2 e4 34.f3 e3 35.
Be1 Nf5 36.Qc2 Qg6 37.Qxf5 1-0

[Event "17th Reykjavik op"]
[Site "Reykjavik ISL"]
[Date "1996.03.04"]
[Round "3.24"]
[White "Gunnarsson, Arinbjorn"]
[Black "Halldorsson, Jon Arni"]
[Result "1/2-1/2"]
[WhiteElo "2220"]
[BlackElo "2160"]
[EventDate "1996.03.02"]
[PlyCount "37"]

1.e4 e6 2.d4 d5 3.Nc3 Nf6 4.e5 Nfd7 5.f4 c5 6.Nf3 Nc6 7.Be3 cxd4 8.Nxd4 
Bc5 9.Qd2 Nxd4 10.Bxd4 Bxd4 11.Qxd4 Qb6 12.O-O-O Qxd4 13.Rxd4 Nb6 14.Bd3 
Bd7 15.Rf1 g6 16.g4 h5 17.g5 Ke7 18.a4 a5 19.Rd1 1/2-1/2